|
|
|
|
| LEADER |
00000nab a2200000 a 4500 |
| 001 |
vtls000804662 |
| 003 |
SK-MaSNL |
| 005 |
20260304124729.0 |
| 008 |
250429c1999 xo 0 slo |
| 015 |
|
|
|a SNBRB2002/09-28255
|
| 035 |
|
|
|a CLN000156317
|
| 035 |
|
|
|a urn:nbn:sk:snk-abodv
|
| 035 |
|
|
|a (urnnbn)urn:nbn:sk:snk:ar-a05mko
|
| 035 |
|
|
|a (uuid)56017f4c-d7fb-47e0-b666-36ec1877f4c1
|
| 040 |
|
|
|a SNKBUCL
|b slo
|c SNKBUCL
|e AACR2
|
| 041 |
0 |
|
|a slo
|
| 044 |
|
|
|a xo
|c SK
|
| 080 |
|
|
|a 615.851.131.2:061.3
|2 1997
|
| 100 |
1 |
|
|a Kottje-Birnbacher, L.
|4 aut
|9 1436266
|
| 245 |
1 |
0 |
|a Katatýmne-imaginatívna psychoterapia ako hlbinne psychologicky orientovaná systémová terapia
|c L. Kottje-Birnbacher
|
| 300 |
|
|
|b Obr., tab.
|
| 504 |
|
|
|a Bibliogr. odkazy
|
| 650 |
0 |
7 |
|a kongresy
|2 SNKPH
|9 19200
|
| 650 |
0 |
7 |
|a komunikácia
|2 SNKPH
|9 1362
|
| 650 |
0 |
7 |
|a rodinné vzťahy
|2 SNKPH
|9 3865
|
| 650 |
0 |
7 |
|a emócie
|2 SNKPH
|9 4049
|
| 650 |
0 |
7 |
|a lekárska kazuistika
|2 SNKPH
|9 69399
|
| 650 |
0 |
7 |
|a katatýmne-imaginatívna psychoterapia
|2 SNKPH
|9 109593
|
| 655 |
|
7 |
|a články z novín a časopisov
|2 SNK
|9 267496
|
| 700 |
1 |
|
|a Havlicová, A.
|4 trl
|9 1436267
|
| 700 |
1 |
|
|a Hašto, Jozef,
|d 1949-
|4 trl
|9 213004
|
| 711 |
2 |
|
|a Psychiatria, filozofia, etológia
|d (1999 :
|c Pezinok, Slovensko)
|4 aut
|9 23455
|
| 773 |
0 |
|
|t Psychiatria
|g Roč. 6, č. 3 (1999), s. 114-120
|x 1335-423X
|
| 850 |
|
|
|a Slovenská národná knižnica
|
| 852 |
|
|
|a Slovenská národná knižnica
|
| 954 |
|
|
|a odborná, vedecká literatúra cudzojazyčná (svetová)
|2 lita
|
| 954 |
|
|
|a odborná, vedecká literatúra pôvodná (slovenská)
|2 lita
|
| 958 |
|
|
|a article27
|
| 958 |
|
|
|a MI
|
| 958 |
|
|
|a NB
|
| 958 |
|
|
|a OND
|
| 958 |
|
|
|a EUIPO
|
| 999 |
|
|
|c 2892011
|d 2893941
|